Cuaderno de actividades para enseñar y aprender economía /
Guardado en:
| Autor Principal: | |
|---|---|
| Formato: | Libro |
| Idioma: | Undetermined |
| Publicado: |
Bahía Blanca :
Ediuns,
2012.
|
| Edición: | 1a ed. |
| Series: | Libro Universitario Argentino
|
| Materias: | |
| Etiquetas: |
Agregar Etiqueta
Sin Etiquetas, Sea el primero en etiquetar este registro!
|
| LEADER | 00672nam a22002055a 4500 | ||
|---|---|---|---|
| 001 | CEM.cems025125 | ||
| 008 | 260421s2012####ag############000#0#und#d | ||
| 005 | 20260421093535.0 | ||
| 245 | 1 | 0 | |a Cuaderno de actividades para enseñar y aprender economía / |c Diana Lis, María Emilia Estrada y Daniela Llera. |
| 250 | |a 1a ed. | ||
| 260 | |a Bahía Blanca : |b Ediuns, |c 2012. | ||
| 300 | |a 225 p. : |b tablas ; |c 23 cm. | ||
| 490 | 1 | |a Libro Universitario Argentino | |
| 020 | |a 9789876552271 | ||
| 100 | 1 | |a Lis, Diana, |d 2012. | |
| 082 | 0 | 4 | |a 330 |
| 653 | |a Economía | ||
| 653 | |a Microeconomía | ||
| 653 | |a Macroeconomía | ||
| 859 | |a CEMS |b BIB. CEMS - Agricultura |h 330.071 |i L68 |p A4095.26 |t Ej.1 | ||
